00377nam a2200145Ia 4500008004100000041000800041082002000049100003700069245004000106260004200146300001400188365000700202650001000209650001200219210719s2018 xx 000 0 und d aeng a598.295487 STAB aST ALOYSIUS COLLEGE (AUTONOMOUS) aBirds and butterflies of the campus aMangalurubSt Aloysisus Collegec2018 aiv,25bHB cRs aBirds aZoology